| 000 | 00603cab a2200217 4500 | ||
|---|---|---|---|
| 001 | WB3429-22 | ||
| 008 | 090401t1998 xxu||||| |||| 00| 0 eng d | ||
| 035 | _a(Sirsi) u87677 | ||
| 041 | _aeng | ||
| 245 | _aLawyers take on estate agents | ||
| 260 | _c1998 | ||
| 350 | _a0 | ||
| 490 |
_aSunday Times _v`Money` 26 July 1998, 4.5(1) |
||
| 520 | _aEngland`s first solicitors one-stop property centre for housebuyers is to open this autumn. | ||
| 650 | _aESTATE AGENTS | ||
| 650 | _aSOLICITORS PROPERTY CENTRES | ||
| 650 | _aSOLICITORS | ||
| 690 | _aHOUSING | ||
| 942 | _n0 | ||
| 948 | _c28/07/1998 | ||
| 999 |
_c55314 _d55314 |
||